000 01012nji a22002777a 4500
005 20100920101522.0
006 a|||||r|||||00| 0
007 sd ammalaaahaa
008 100830t xxu||||| |||| 00| 0 eng d
028 _a2392 487
_bMUSIC INDIA
035 _aGR-03875
040 _aSED
_cSED
100 _917455
_aBurman, R. D.
245 _aArjun /
_cmusic by R. D. Burman; lyrics & dialogues by Javed
_h[sound recording] :
246 _aअर्जुन /
260 _aDum Dum, India
_bMUSIC INDIA
_c1985
300 _a1 sound disc [Gramophone Recording]:
_banalog, 33 1/3 rpm
_c12.5 in. (LP)
_fGramophone Record
500 _aBrief Record
500 _aRecord labels : MUSIC INDIA, Red
505 _aSide-1 (Arjun's theme dialogues) Side-2 (Din dayal's theme dialogues)
600 _aBurman, R. D.
_920359
650 _aFilm Dialogues
_zIndia
_91186
_xExcerpts
700 _aJaved
_920644
942 _2ddc
_cGR
999 _c46848
_d46848